[Event "DVM U20 2023"]
[Site "Magdeburg GER"]
[Date "2023.12.29"]
[Round "6"]
[White "Schiffner, Robin"]
[Black "Trinh, Fabian Dat"]
[Result "0-1"]
[Termination "normal"]
[Board "8.2"]
[WhiteElo "1588"]
[BlackElo "1875"]
[WhiteClock "01:11:46"]
[BlackClock "00:55:24"]
[WhiteTeam "USC Magdeburg"]
[BlackTeam "SV Hemer 1932"]
[PlyCount "54"]
[WhiteFideId "16210328"]
[BlackFideId "16243641"]
[EventCountry "GER"]
[EventRounds "7"]
[EventType "team-swiss"]
[EventDate "2023.12.26"]

1. e4 {[%clk 01:30:57]} {[%emt 00:00:01]} e5 {[%clk 01:30:56]} {[%emt
00:00:05]} 2. Nf3 {[%clk 01:31:19]} {[%emt 00:00:07]} Nc6 {[%clk 01:31:20]}
{[%emt 00:00:06]} 3. Bb5 {[%clk 01:31:42]} {[%emt 00:00:07]} a6 {[%clk
01:31:42]} {[%emt 00:00:08]} 4. Ba4 {[%clk 01:32:08]} {[%emt 00:00:04]} Nf6
{[%clk 01:32:06]} {[%emt 00:00:06]} 5. d3 {[%clk 01:32:33]} {[%emt 00:00:06]}
b5 {[%clk 01:31:59]} {[%emt 00:00:37]} 6. Bb3 {[%clk 01:32:57]} {[%emt
00:00:06]} Bc5 {[%clk 01:31:55]} {[%emt 00:00:33]} 7. c3 {[%clk 01:32:49]}
{[%emt 00:00:37]} d6 {[%clk 01:31:58]} {[%emt 00:00:29]} 8. Nbd2 {[%clk
01:32:48]} {[%emt 00:00:30]} O-O {[%clk 01:31:54]} {[%emt 00:00:34]} 9. O-O
{[%clk 01:32:48]} {[%emt 00:00:30]} Bb6 {[%clk 01:31:12]} {[%emt 00:01:14]} 10.
Re1 {[%clk 01:32:39]} {[%emt 00:00:36]} h6 {[%clk 01:30:39]} {[%emt 00:01:05]}
11. Nf1 {[%clk 01:32:27]} {[%emt 00:00:42]} Ne7 {[%clk 01:29:56]} {[%emt
00:01:13]} 12. Be3 {[%clk 01:30:49]} {[%emt 00:02:07]} c5 {[%clk 01:25:57]}
{[%emt 00:04:30]} 13. Bc2 {[%clk 01:28:49]} {[%emt 00:02:29]} Ng6 {[%clk
01:26:05]} {[%emt 00:00:23]} 14. h3 {[%clk 01:27:22]} {[%emt 00:01:57]} Re8
{[%clk 01:24:54]} {[%emt 00:01:40]} 15. Ng3 {[%clk 01:27:19]} {[%emt 00:00:33]}
Bb7 {[%clk 01:24:13]} {[%emt 00:01:11]} 16. a4 {[%clk 01:25:53]} {[%emt
00:01:55]} Qc7 {[%clk 01:20:52]} {[%emt 00:03:54]} 17. Qb1 {[%clk 01:21:01]}
{[%emt 00:05:21]} d5 {[%clk 01:15:29]} {[%emt 00:05:54]} 18. exd5 {[%clk
01:18:31]} {[%emt 00:03:00]} Nxd5 {[%clk 01:14:58]} {[%emt 00:01:01]} 19. d4
{[%clk 01:18:19]} {[%emt 00:00:41]} exd4 {[%clk 01:00:15]} {[%emt 00:15:14]}
20. cxd4 {[%clk 01:18:26]} {[%emt 00:00:22]} Nxe3 {[%clk 00:59:11]} {[%emt
00:01:35]} 21. fxe3 {[%clk 01:17:31]} {[%emt 00:01:23]} Qxg3 {[%clk 00:59:17]}
{[%emt 00:00:25]} 22. Qd1 {[%clk 01:14:02]} {[%emt 00:03:57]} cxd4 {[%clk
00:56:16]} {[%emt 00:03:32]} 23. exd4 {[%clk 01:13:31]} {[%emt 00:01:01]} Nf4
{[%clk 00:54:50]} {[%emt 00:01:57]} 24. Qd2 {[%clk 01:11:53]} {[%emt 00:02:08]}
Bxf3 {[%clk 00:55:02]} {[%emt 00:00:17]} 25. Rf1 {[%clk 01:11:20]} {[%emt
00:01:03]} Bxd4+ {[%clk 00:55:04]} {[%emt 00:00:30]} 26. Kh1 {[%clk 01:11:22]}
{[%emt 00:00:25]} Bxg2+ {[%clk 00:55:29]} {[%emt 00:00:08]} 27. Qxg2 {[%clk
01:11:46]} {[%emt 00:00:06]} Qxg2# {[%clk 00:55:24]} {[%emt 00:00:05]} 0-1

[Event "DVM U20 2023"]
[Site "Magdeburg GER"]
[Date "2023.12.29"]
[Round "6"]
[White "Dartmann Aubanell, Catriona"]
[Black "Rabenstein, Jonathan"]
[Result "1/2-1/2"]
[Termination "normal"]
[Board "8.3"]
[WhiteElo "1856"]
[BlackElo "1441"]
[WhiteClock "00:03:13"]
[BlackClock "00:02:33"]
[WhiteTeam "SV Hemer 1932"]
[BlackTeam "USC Magdeburg"]
[PlyCount "80"]
[WhiteFideId "24585270"]
[BlackFideId "16298462"]
[EventCountry "GER"]
[EventRounds "7"]
[EventType "team-swiss"]
[EventDate "2023.12.26"]

1. e4 {[%clk 01:30:57]} {[%emt 00:00:03]} e5 {[%clk 01:30:17]} {[%emt
00:00:44]} 2. Nf3 {[%clk 01:31:24]} {[%emt 00:00:04]} Nc6 {[%clk 01:30:26]}
{[%emt 00:00:20]} 3. Bb5 {[%clk 01:31:37]} {[%emt 00:00:18]} a6 {[%clk
01:30:17]} {[%emt 00:00:38]} 4. Ba4 {[%clk 01:32:00]} {[%emt 00:00:07]} Nge7
{[%clk 01:30:01]} {[%emt 00:00:46]} 5. c3 {[%clk 01:29:41]} {[%emt 00:02:50]}
g6 {[%clk 01:27:41]} {[%emt 00:02:50]} 6. O-O {[%clk 01:28:20]} {[%emt
00:01:50]} Bg7 {[%clk 01:27:26]} {[%emt 00:00:45]} 7. d4 {[%clk 01:25:33]}
{[%emt 00:03:17]} exd4 {[%clk 01:25:21]} {[%emt 00:02:36]} 8. cxd4 {[%emt
00:00:15]} O-O {[%clk 01:24:17]} {[%emt 00:01:30]} 9. Nc3 {[%clk 01:18:55]}
{[%emt 00:07:26]} b5 {[%clk 01:13:38]} {[%emt 00:11:10]} 10. Bc2 {[%clk
01:18:07]} {[%emt 00:01:18]} Bb7 {[%clk 01:11:15]} {[%emt 00:02:53]} 11. Be3
{[%clk 01:08:57]} {[%emt 00:09:40]} d6 {[%clk 01:03:11]} {[%emt 00:08:34]} 12.
Rc1 {[%clk 01:05:02]} {[%emt 00:04:25]} Rb8 {[%clk 00:51:12]} {[%emt 00:12:28]}
13. Qd2 {[%clk 01:00:13]} {[%emt 00:05:20]} Re8 {[%clk 00:44:20]} {[%emt
00:07:21]} 14. Ne2 {[%clk 00:52:58]} {[%emt 00:07:45]} Qd7 {[%clk 00:36:16]}
{[%emt 00:08:34]} 15. Bh6 {[%clk 00:49:45]} {[%emt 00:03:43]} d5 {[%clk
00:30:53]} {[%emt 00:05:53]} 16. Bxg7 {[%clk 00:47:13]} {[%emt 00:03:03]} Kxg7
{[%clk 00:31:10]} {[%emt 00:00:12]} 17. e5 {[%clk 00:47:01]} {[%emt 00:00:43]}
Nd8 {[%emt 00:07:20]} 18. Qg5 {[%clk 00:41:45]} {[%emt 00:05:46]} Ne6 {[%clk
00:20:05]} {[%emt 00:04:44]} 19. Qf6+ {[%clk 00:41:22]} {[%emt 00:00:53]} Kg8
{[%clk 00:19:45]} {[%emt 00:00:49]} 20. Nf4 {[%clk 00:33:38]} {[%emt 00:08:15]}
Nc6 {[%clk 00:18:58]} {[%emt 00:01:18]} 21. Nxe6 {[%clk 00:30:45]} {[%emt
00:03:22]} Qxe6 {[%clk 00:17:54]} {[%emt 00:01:35]} 22. Qh4 {[%clk 00:29:24]}
{[%emt 00:01:50]} h5 {[%clk 00:16:35]} {[%emt 00:01:50]} 23. h3 {[%clk
00:28:02]} {[%emt 00:01:51]} Kg7 {[%clk 00:14:57]} {[%emt 00:02:08]} 24. Rfe1
{[%clk 00:22:28]} {[%emt 00:06:05]} Qe7 {[%clk 00:13:18]} {[%emt 00:02:08]} 25.
Qf4 {[%clk 00:20:10]} {[%emt 00:02:49]} Nd8 {[%clk 00:12:07]} {[%emt 00:01:41]}
26. Qf6+ {[%clk 00:14:02]} {[%emt 00:06:38]} Qxf6 {[%clk 00:10:01]} {[%emt
00:02:35]} 27. exf6+ {[%clk 00:14:30]} {[%emt 00:00:02]} Kf8 {[%clk 00:10:18]}
{[%emt 00:00:14]} 28. Ne5 {[%clk 00:13:55]} {[%emt 00:01:05]} Bc8 {[%clk
00:09:08]} {[%emt 00:01:40]} 29. Nxg6+ {[%clk 00:11:58]} {[%emt 00:02:27]} fxg6
{[%clk 00:08:36]} {[%emt 00:01:02]} 30. Rxe8+ {[%clk 00:12:19]} {[%emt
00:00:08]} Kxe8 {[%clk 00:08:54]} {[%emt 00:00:12]} 31. Bxg6+ {[%clk 00:12:41]}
{[%emt 00:00:08]} Kf8 {[%clk 00:07:16]} {[%emt 00:02:08]} 32. Rxc7 {[%clk
00:11:49]} {[%emt 00:01:22]} Be6 {[%clk 00:06:52]} {[%emt 00:00:53]} 33. Bxh5
{[%clk 00:09:48]} {[%emt 00:02:32]} Rc8 {[%clk 00:05:52]} {[%emt 00:01:29]} 34.
Rxc8 {[%clk 00:09:41]} {[%emt 00:00:39]} Bxc8 {[%clk 00:06:15]} {[%emt
00:00:07]} 35. g4 {[%clk 00:06:55]} {[%emt 00:03:16]} Ne6 {[%clk 00:06:18]}
{[%emt 00:00:26]} 36. Kh2 {[%clk 00:01:46]} {[%emt 00:05:39]} Nf4 {[%clk
00:02:55]} {[%emt 00:03:53]} 37. Kg3 {[%clk 00:02:14]} {[%emt 00:00:02]} Nxh5+
{[%clk 00:02:59]} {[%emt 00:00:26]} 38. gxh5 {[%clk 00:02:42]} Kf7 {[%clk
00:02:39]} {[%emt 00:00:50]} 39. Kf4 {[%clk 00:02:57]} {[%emt 00:00:16]} Kxf6
{[%clk 00:02:39]} {[%emt 00:00:30]} 40. h4 {[%clk 00:03:13]} {[%emt 00:00:13]}
Bf5 {[%clk 00:02:33]} {[%emt 00:00:36]} 1/2-1/2

[Event "DVM U20 2023"]
[Site "Magdeburg GER"]
[Date "2023.12.29"]
[Round "6"]
[White "Burghardt, Jonathan"]
[Black "Poggemann, Alexander"]
[Result "1/2-1/2"]
[Termination "normal"]
[Board "8.4"]
[WhiteElo "1260"]
[BlackElo "1750"]
[WhiteClock "00:23:29"]
[BlackClock "00:01:20"]
[WhiteTeam "USC Magdeburg"]
[BlackTeam "SV Hemer 1932"]
[PlyCount "81"]
[WhiteFideId "34617965"]
[BlackFideId "16224167"]
[EventCountry "GER"]
[EventRounds "7"]
[EventType "team-swiss"]
[EventDate "2023.12.26"]

1. e4 {[%clk 01:30:57]} {[%emt 00:00:02]} c5 {[%clk 01:30:44]} {[%emt
00:00:16]} 2. Nf3 {[%clk 01:31:12]} {[%emt 00:00:15]} Nc6 {[%clk 01:30:49]}
{[%emt 00:00:26]} 3. d4 {[%clk 01:31:03]} {[%emt 00:00:38]} cxd4 {[%clk
01:30:41]} {[%emt 00:00:38]} 4. Nxd4 {[%clk 01:31:21]} {[%emt 00:00:12]} g6
{[%clk 01:30:52]} {[%emt 00:00:20]} 5. Nc3 {[%clk 01:30:45]} {[%emt 00:01:06]}
Bg7 {[%clk 01:31:11]} {[%emt 00:00:10]} 6. Nxc6 {[%clk 01:30:09]} {[%emt
00:01:06]} bxc6 {[%clk 01:31:01]} {[%emt 00:00:40]} 7. Bd3 {[%clk 01:29:43]}
{[%emt 00:00:56]} e5 {[%clk 01:23:14]} {[%emt 00:08:17]} 8. O-O {[%clk
01:28:34]} {[%emt 00:01:39]} Nf6 {[%clk 01:22:26]} {[%emt 00:01:19]} 9. f4
{[%clk 01:25:38]} {[%emt 00:03:26]} d6 {[%clk 01:15:21]} {[%emt 00:07:35]} 10.
Kh1 {[%clk 01:20:33]} {[%emt 00:05:34]} O-O {[%clk 01:02:19]} {[%emt 00:13:33]}
11. fxe5 {[%clk 01:18:44]} {[%emt 00:02:19]} dxe5 {[%clk 00:54:55]} {[%emt
00:07:54]} 12. Bg5 {[%clk 01:15:51]} {[%emt 00:03:22]} Qd6 {[%clk 00:51:01]}
{[%emt 00:04:24]} 13. Qd2 {[%clk 01:05:42]} {[%emt 00:10:40]} Nd7 {[%clk
00:36:58]} {[%emt 00:14:33]} 14. Qf2 {[%clk 01:02:48]} {[%emt 00:03:24]} Qb4
{[%clk 00:32:01]} {[%emt 00:05:27]} 15. a3 {[%clk 00:59:22]} {[%emt 00:03:56]}
Qxb2 {[%clk 00:29:10]} {[%emt 00:03:21]} 16. Be7 {[%clk 00:59:09]} {[%emt
00:00:43]} Qxc3 {[%clk 00:20:15]} {[%emt 00:09:25]} 17. Bxf8 {[%clk 00:58:56]}
{[%emt 00:00:43]} Nxf8 {[%clk 00:17:24]} {[%emt 00:03:20]} 18. Qxf7+ {[%clk
00:58:40]} {[%emt 00:00:46]} Kh8 {[%clk 00:17:49]} {[%emt 00:00:05]} 19. Bc4
{[%clk 00:57:05]} {[%emt 00:02:05]} Be6 {[%clk 00:17:59]} {[%emt 00:00:19]} 20.
Bxe6 {[%clk 00:56:28]} {[%emt 00:01:08]} Nxe6 {[%clk 00:18:13]} {[%emt
00:00:16]} 21. Qxe6 {[%clk 00:56:49]} {[%emt 00:00:09]} Qxc2 {[%clk 00:14:48]}
{[%emt 00:03:55]} 22. Qd7 {[%clk 00:49:21]} {[%emt 00:07:57]} Qxe4 {[%clk
00:07:58]} {[%emt 00:07:22]} 23. Rf7 {[%clk 00:49:33]} {[%emt 00:00:18]} Qd4
{[%clk 00:08:05]} {[%emt 00:00:22]} 24. Rd1 {[%clk 00:48:31]} {[%emt 00:01:32]}
Qxd7 {[%clk 00:07:39]} {[%emt 00:00:57]} 25. Rfxd7 {[%clk 00:46:58]} {[%emt
00:02:02]} Kg8 {[%clk 00:03:37]} {[%emt 00:04:32]} 26. Rd8+ {[%clk 00:43:27]}
{[%emt 00:04:01]} Rxd8 {[%clk 00:04:02]} {[%emt 00:00:05]} 27. Rxd8+ {[%clk
00:43:21]} {[%emt 00:00:07]} Bf8 {[%clk 00:03:27]} {[%emt 00:01:35]} 28. a4
{[%clk 00:43:00]} {[%emt 00:00:51]} Kf7 {[%clk 00:03:19]} {[%emt 00:00:39]} 29.
Rd7+ {[%clk 00:42:42]} {[%emt 00:00:47]} Ke6 {[%clk 00:03:46]} {[%emt
00:00:03]} 30. Rxa7 {[%clk 00:42:42]} {[%emt 00:00:29]} e4 {[%clk 00:03:41]}
{[%emt 00:00:36]} 31. Ra8 {[%clk 00:34:25]} {[%emt 00:08:47]} Bc5 {[%clk
00:03:04]} {[%emt 00:01:07]} 32. g3 {[%clk 00:33:10]} {[%emt 00:01:45]} Kd5
{[%clk 00:03:16]} {[%emt 00:00:18]} 33. Kg2 {[%clk 00:33:05]} {[%emt 00:00:35]}
Kc4 {[%clk 00:01:37]} {[%emt 00:02:09]} 34. Kf1 {[%clk 00:32:32]} {[%emt
00:01:03]} Kd3 {[%clk 00:01:53]} {[%emt 00:00:13]} 35. Rd8+ {[%clk 00:29:46]}
{[%emt 00:03:15]} Ke3 {[%clk 00:01:59]} {[%emt 00:00:26]} 36. Rd7 {[%clk
00:28:53]} {[%emt 00:01:22]} Bb4 {[%clk 00:01:48]} {[%emt 00:00:41]} 37. Rxh7
{[%clk 00:27:23]} {[%emt 00:02:00]} c5 {[%clk 00:01:00]} {[%emt 00:01:19]} 38.
Rc7 {[%clk 00:23:50]} {[%emt 00:04:03]} Kd3 {[%clk 00:00:36]} {[%emt 00:00:53]}
39. Rd7+ {[%clk 00:23:39]} {[%emt 00:00:41]} Ke3 {[%clk 00:00:54]} {[%emt
00:00:13]} 40. Rc7 {[%clk 00:23:23]} {[%emt 00:00:45]} Kd3 {[%clk 00:01:20]}
{[%emt 00:00:05]} 41. Rd7+ {[%clk 00:23:29]} {[%emt 00:00:23]} 1/2-1/2

[Event "DVM U20 2023"]
[Site "Magdeburg GER"]
[Date "2023.12.29"]
[Round "6"]
[White "Jagodzinsky, Lukas"]
[Black "Dietz, Maximilian"]
[Result "1/2-1/2"]
[Termination "normal"]
[Board "8.5"]
[WhiteElo "1449"]
[BlackElo "1463"]
[WhiteClock "00:08:58"]
[BlackClock "00:13:11"]
[WhiteTeam "SV Hemer 1932"]
[BlackTeam "USC Magdeburg"]
[PlyCount "78"]
[WhiteFideId "16233255"]
[BlackFideId "16298489"]
[EventCountry "GER"]
[EventRounds "7"]
[EventType "team-swiss"]
[EventDate "2023.12.26"]

1. d4 {[%clk 01:30:58]} {[%emt 00:00:03]} d5 {[%clk 01:30:59]} {[%emt
00:00:01]} 2. c4 {[%clk 01:31:21]} {[%emt 00:00:06]} c6 {[%clk 01:31:25]}
{[%emt 00:00:04]} 3. cxd5 {[%clk 01:31:44]} {[%emt 00:00:08]} cxd5 {[%clk
01:31:48]} {[%emt 00:00:07]} 4. Bf4 {[%clk 01:32:08]} {[%emt 00:00:05]} Nf6
{[%clk 01:31:38]} {[%emt 00:00:41]} 5. e3 {[%clk 01:32:27]} {[%emt 00:00:10]}
Nc6 {[%clk 01:31:25]} {[%emt 00:00:43]} 6. Nc3 {[%clk 01:32:33]} {[%emt
00:00:24]} a6 {[%clk 01:28:30]} {[%emt 00:03:26]} 7. Nf3 {[%clk 01:32:51]}
{[%emt 00:00:12]} Bg4 {[%clk 01:25:52]} {[%emt 00:03:08]} 8. a3 {[%clk
01:32:53]} {[%emt 00:00:28]} e6 {[%clk 01:21:11]} {[%emt 00:05:10]} 9. Be2
{[%clk 01:30:48]} {[%emt 00:02:34]} Be7 {[%clk 01:20:22]} {[%emt 00:01:20]} 10.
h3 {[%clk 01:30:20]} {[%emt 00:00:57]} Bf5 {[%clk 01:19:59]} {[%emt 00:00:53]}
11. O-O {[%clk 01:29:03]} {[%emt 00:01:47]} O-O {[%clk 01:18:28]} {[%emt
00:02:01]} 12. Ne5 {[%clk 01:26:45]} {[%emt 00:02:47]} Nxe5 {[%clk 01:09:26]}
{[%emt 00:09:33]} 13. Bxe5 {[%clk 01:26:16]} {[%emt 00:00:58]} Nd7 {[%clk
01:09:04]} {[%emt 00:00:53]} 14. Bg3 {[%clk 01:24:22]} {[%emt 00:02:24]} b5
{[%clk 01:07:09]} {[%emt 00:02:25]} 15. b4 {[%clk 01:22:54]} {[%emt 00:01:57]}
Nb6 {[%clk 01:06:03]} {[%emt 00:01:36]} 16. Na2 {[%clk 01:09:54]} {[%emt
00:13:24]} Nc4 {[%clk 01:04:29]} {[%emt 00:02:11]} 17. Nc1 {[%clk 01:09:36]}
{[%emt 00:00:47]} Rc8 {[%clk 01:02:56]} {[%emt 00:02:01]} 18. Nd3 {[%clk
01:04:49]} {[%emt 00:05:19]} Bxd3 {[%clk 01:03:10]} {[%emt 00:00:16]} 19. Bxd3
{[%clk 01:04:25]} {[%emt 00:00:55]} a5 {[%clk 00:57:24]} {[%emt 00:06:16]} 20.
bxa5 {[%clk 00:46:34]} {[%emt 00:18:20]} Qxa5 {[%clk 00:56:09]} {[%emt
00:01:45]} 21. Re1 {[%emt 00:11:16]} Ra8 {[%clk 00:49:02]} {[%emt 00:07:34]}
22. Qb3 {[%clk 00:32:40]} {[%emt 00:03:39]} Bxa3 {[%clk 00:46:58]} {[%emt
00:02:36]} 23. Re2 {[%clk 00:27:39]} {[%emt 00:05:32]} Ra6 {[%clk 00:32:36]}
{[%emt 00:14:52]} 24. e4 {[%clk 00:22:45]} {[%emt 00:05:23]} dxe4 {[%clk
00:29:07]} {[%emt 00:04:00]} 25. Bxc4 {[%clk 00:21:32]} {[%emt 00:01:42]} bxc4
{[%clk 00:29:22]} {[%emt 00:00:15]} 26. Qxc4 {[%clk 00:21:53]} {[%emt
00:00:10]} Qa4 {[%clk 00:21:17]} {[%emt 00:08:35]} 27. Qxa4 {[%emt 00:03:23]}
Rxa4 {[%clk 00:21:43]} {[%emt 00:00:03]} 28. Bd6 {[%clk 00:15:34]} {[%emt
00:03:56]} Bxd6 {[%clk 00:18:05]} {[%emt 00:04:08]} 29. Rxa4 {[%clk 00:15:55]}
{[%emt 00:00:09]} Rb8 {[%clk 00:18:27]} {[%emt 00:00:07]} 30. g3 {[%clk
00:15:41]} {[%emt 00:00:45]} f5 {[%clk 00:18:30]} {[%emt 00:00:21]} 31. Ra6
{[%clk 00:15:27]} {[%emt 00:00:50]} Rd8 {[%clk 00:18:40]} {[%emt 00:00:20]} 32.
Rc2 {[%clk 00:14:20]} {[%emt 00:01:38]} Kf7 {[%clk 00:19:01]} {[%emt 00:00:08]}
33. Rcc6 {[%clk 00:12:24]} {[%emt 00:02:28]} Ke7 {[%clk 00:18:54]} {[%emt
00:00:36]} 34. Kg2 {[%clk 00:10:52]} {[%emt 00:02:01]} h5 {[%clk 00:16:51]}
{[%emt 00:02:33]} 35. Ra7+ {[%clk 00:09:35]} {[%emt 00:01:48]} Rd7 {[%clk
00:17:13]} {[%emt 00:00:07]} 36. Rxd7+ {[%clk 00:09:23]} {[%emt 00:00:42]} Kxd7
{[%clk 00:17:36]} {[%emt 00:00:08]} 37. Ra6 {[%clk 00:09:33]} {[%emt 00:00:19]}
Ke7 {[%clk 00:15:54]} {[%emt 00:02:12]} 38. Ra7+ {[%clk 00:09:09]} {[%emt
00:00:51]} Kf6 {[%clk 00:16:04]} {[%emt 00:00:24]} 39. Ra8 {[%clk 00:08:58]}
{[%emt 00:00:40]} g6 {[%clk 00:13:11]} {[%emt 00:03:23]} 1/2-1/2